000
00293nam a22001337a 4500
008
170612b xxu||||| |||| 00| 0 eng d
020
_a
9781586482794
041
_a
eng
080
_a
32
100
_a
19
101
_a
SHP
245
_a
THE 9/11 INVESTIGATIONS
_c
STRASSER, S
942
_2
udc
_c
BK
999
_c
16917
_d
16917